[Event "Batavia 1920"]
[Site "Amsterdam"]
[Date "2014.02.22"]
[Round "2.4"]
[White "Ernst, Sipke"]
[Black "Smerdon, David"]
[Result "1/2-1/2"]
[LiveChessVersion "1.4.2"]
[BlackElo "2508"]
[WhiteElo "2575"]

1. d4 {[%clk 1:30:58]} e6 {[%clk 1:30:54]} 2. Nf3 {[%clk 1:29:55]} f5
{[%clk 1:31:14]} 3. g3 {[%clk 1:30:23]} Nf6 {[%clk 1:31:32]} 4. Bg2
{[%clk 1:30:50]} d5 {[%clk 1:31:05]} 5. O-O {[%clk 1:31:14]} Bd6 {[%clk 1:30:52]}
6. c4 {[%clk 1:31:41]} c6 {[%clk 1:31:14]} 7. Nc3 {[%clk 1:30:09]} O-O
{[%clk 1:29:33]} 8. Rb1 {[%clk 1:30:38]} Qe7 {[%clk 1:24:46]} 9. Qc2
{[%clk 1:29:20]} Nbd7 {[%clk 1:24:16]} 10. Bd2 {[%clk 1:16:30]} Ne4
{[%clk 1:09:17]} 11. b4 {[%clk 0:54:14]} Nxd2 {[%clk 0:36:39]} 12. Qxd2
{[%clk 0:54:33]} dxc4 {[%clk 0:35:09]} 13. b5 {[%clk 0:54:22]} cxb5
{[%clk 0:27:54]} 14. Nxb5 {[%clk 0:54:43]} a6 {[%clk 0:26:11]} 15. Nxd6
{[%clk 0:53:38]} Qxd6 {[%clk 0:26:35]} 16. e4 {[%clk 0:44:20]} fxe4
{[%clk 0:24:37]} 17. Ng5 {[%clk 0:44:39]} Nf6 {[%clk 0:20:16]} 18. Qc2
{[%clk 0:40:08]} Qxd4 {[%clk 0:17:48]} 19. Nxe4 {[%clk 0:37:57]} Nxe4
{[%clk 0:18:10]} 20. Bxe4 {[%clk 0:38:23]} Ra7 {[%clk 0:12:19]} 21. Bxh7+
{[%clk 0:30:10]} Kh8 {[%clk 0:12:48]} 22. Bg6 {[%clk 0:27:01]} Qf6
{[%clk 0:06:27]} 23. Rb6 {[%clk 0:10:03]} Bd7 {[%clk 0:06:44]} 24. Be4
{[%clk 0:09:53]} Qd4 {[%clk 0:04:15]} 25. Qe2 {[%clk 0:06:37]} Kg8
{[%clk 0:04:09]} 26. Rfb1 {[%clk 0:04:33]} c3 {[%clk 0:02:08]} 27. R6b4
{[%clk 0:04:33]} Qd2 {[%clk 0:02:12]} 28. Qh5 {[%clk 0:03:47]} Qxf2+
{[%clk 0:02:29]} 29. Kh1 {[%clk 0:04:14]} Rf5 {[%clk 0:02:46]} 30. Bxf5
{[%clk 0:02:59]} exf5 {[%clk 0:03:12]} 31. Rc4 {[%clk 0:03:23]} Ra8
{[%clk 0:01:03]} 32. Qd1 {[%clk 0:02:49]} Bc6+ {[%clk 0:01:18]} 33. Rxc6
{[%clk 0:03:16]} bxc6 {[%clk 0:01:47]} 34. Qd3 {[%clk 0:01:20]} c2
{[%clk 0:01:38]} 35. Rf1 {[%clk 0:00:43]} Qc5 {[%clk 0:01:19]} 36. Rc1
{[%clk 0:01:05]} Qd5+ {[%clk 0:00:47]} 37. Qxd5+ {[%clk 0:01:32]} cxd5
{[%clk 0:01:16]} 38. Rxc2 {[%clk 0:01:58]} Kf7 {[%clk 0:01:26]} 39. Rc6
{[%clk 0:02:00]} d4 {[%clk 0:00:49]} 40. Kg2 {[%clk 0:02:13]} Rb8
{[%clk 0:00:42]} 41. Rxa6 {[%clk 0:02:23]} Rb2+ {[%clk 0:29:10]} 42. Kf3
{[%clk 0:33:45]} Rxh2 {[%clk 0:28:12]} 43. Rd6 {[%clk 0:34:00]} Rd2
{[%clk 0:27:02]} 44. a4 {[%clk 0:28:10]} Ke7 {[%clk 0:24:09]} 45. Rg6
{[%clk 0:27:46]} Kf7 {[%clk 0:24:13]} 46. Rd6 {[%clk 0:28:11]} g5
{[%clk 0:21:33]} 47. a5 {[%clk 0:28:13]} Ke7 {[%clk 0:18:15]} 48. Rh6
{[%clk 0:28:38]} Kd7 {[%clk 0:15:09]} 49. Rb6 {[%clk 0:16:42]} Kc7
{[%clk 0:14:13]} 50. Rb4 {[%clk 0:11:59]} g4+ {[%clk 0:09:37]} 51. Kf4
{[%clk 0:12:26]} Rf2+ {[%clk 0:09:56]} 52. Kg5 {[%clk 0:10:33]} d3
{[%clk 0:10:17]} 53. a6 {[%clk 0:10:47]} Ra2 {[%clk 0:08:36]} 54. Rd4
{[%clk 0:08:00]} d2 {[%clk 0:06:27]} 55. a7 {[%clk 0:07:14]} Rxa7
{[%clk 0:06:07]} 56. Rxd2 {[%clk 0:07:35]} Ra3 {[%clk 0:06:25]} 57. Kxf5
{[%clk 0:07:54]} Rxg3 {[%clk 0:06:51]} 58. Rd4 {[%clk 0:08:15]} Rf3+
{[%clk 0:07:13]} 59. Kxg4 {[%clk 0:08:40]} 1/2-1/2

[Event "Batavia 1920"]
[Site "Amsterdam"]
[Date "2014.02.22"]
[Round "2.5"]
[White "Van Delft, Merijn"]
[Black "Burg, Twan"]
[Result "0-1"]
[LiveChessVersion "1.4.2"]
[BlackElo "2494"]
[WhiteElo "2423"]

1. Nf3 {[%clk 1:30:48]} d5 {[%clk 1:30:43]} 2. g3 {[%clk 1:31:10]} Nf6
{[%clk 1:31:01]} 3. Bg2 {[%clk 1:31:32]} c6 {[%clk 1:31:13]} 4. O-O
{[%clk 1:31:12]} Bg4 {[%clk 1:31:09]} 5. d3 {[%clk 1:29:20]} Nbd7
{[%clk 1:31:26]} 6. c4 {[%clk 1:28:23]} dxc4 {[%clk 1:27:45]} 7. dxc4
{[%clk 1:28:32]} e5 {[%clk 1:27:37]} 8. Nc3 {[%clk 1:27:31]} Be7 {[%clk 1:27:03]}
9. Qc2 {[%clk 1:24:23]} O-O {[%clk 1:26:19]} 10. b3 {[%clk 1:22:24]} Qc7
{[%clk 1:19:39]} 11. Nd1 {[%clk 1:02:58]} Rfe8 {[%clk 1:15:28]} 12. Ne3
{[%clk 1:01:20]} Bh5 {[%clk 1:13:42]} 13. Nf5 {[%clk 0:58:52]} Bc5
{[%clk 1:13:14]} 14. a3 {[%clk 0:53:44]} a5 {[%clk 1:04:59]} 15. Rb1
{[%clk 0:51:29]} e4 {[%clk 0:52:52]} 16. N3h4 {[%clk 0:46:50]} Qb6
{[%clk 0:46:14]} 17. Be3 {[%clk 0:27:10]} Bxe3 {[%clk 0:40:20]} 18. Nxe3
{[%clk 0:27:07]} Qc5 {[%clk 0:38:10]} 19. b4 {[%clk 0:26:43]} Qe5
{[%clk 0:37:10]} 20. c5 {[%clk 0:25:04]} axb4 {[%clk 0:36:10]} 21. axb4
{[%clk 0:25:31]} Qe6 {[%clk 0:35:35]} 22. Nhf5 {[%clk 0:22:48]} Ra2
{[%clk 0:33:58]} 23. Rb2 {[%clk 0:22:45]} Rea8 {[%clk 0:33:27]} 24. Nd4
{[%clk 0:11:18]} Rxb2 {[%clk 0:33:20]} 25. Qxb2 {[%clk 0:11:36]} Qa2
{[%clk 0:31:56]} 26. Rb1 {[%clk 0:11:27]} h6 {[%clk 0:25:42]} 27. h3
{[%clk 0:10:51]} Ne5 {[%clk 0:23:15]} 28. g4 {[%clk 0:07:49]} Bg6
{[%clk 0:23:42]} 29. Qxa2 {[%clk 0:06:23]} Rxa2 {[%clk 0:24:10]} 30. Bf1
{[%clk 0:04:59]} h5 {[%clk 0:24:29]} 31. g5 {[%clk 0:05:06]} Nh7 {[%clk 0:24:52]}
32. h4 {[%clk 0:05:18]} f6 {[%clk 0:24:50]} 33. gxf6 {[%clk 0:03:44]} Nxf6
{[%clk 0:25:18]} 34. b5 {[%clk 0:03:26]} Nfd7 {[%clk 0:24:56]} 35. Bh3
{[%clk 0:03:12]} Rd2 {[%clk 0:15:40]} 36. Bxd7 {[%clk 0:03:36]} Nxd7
{[%clk 0:14:34]} 37. bxc6 {[%clk 0:03:21]} bxc6 {[%clk 0:14:49]} 38. Nxc6
{[%clk 0:03:10]} Nxc5 {[%clk 0:14:47]} 39. Ne5 {[%clk 0:01:27]} Kh7
{[%clk 0:14:50]} 40. Rb6 {[%clk 0:00:35]} Be8 {[%clk 0:12:28]} 41. Kf1
{[%clk 0:26:10]} Nd7 {[%clk 0:39:42]} 42. Re6 {[%clk 0:19:58]} Nf6
{[%clk 0:39:56]} 43. Nf5 {[%clk 0:13:08]} Bd7 {[%clk 0:22:34]} 44. Rd6
{[%clk 0:10:40]} e3 {[%clk 0:16:26]} 45. fxe3 {[%clk 0:10:44]} Rxd6
{[%clk 0:14:38]} 46. Nxd6 {[%clk 0:11:06]} Ba4 {[%clk 0:11:44]} 47. Nf3
{[%clk 0:03:38]} Kg6 {[%clk 0:11:02]} 48. e4 {[%clk 0:02:49]} Ng4
{[%clk 0:11:02]} 49. Nf5 {[%clk 0:01:46]} Kf6 {[%clk 0:10:33]} 50. N5d4
{[%clk 0:01:32]} Be8 {[%clk 0:10:36]} 51. Kg2 {[%clk 0:00:50]} Bg6
{[%clk 0:10:12]} 52. Kg3 {[%clk 0:00:56]} Bxe4 {[%clk 0:10:04]} 53. Ng5
{[%clk 0:01:18]} Ke5 {[%clk 0:09:30]} 54. Nb3 {[%clk 0:01:46]} Bd5
{[%clk 0:09:29]} 55. Nc5 {[%clk 0:01:58]} Ne3 {[%clk 0:09:38]} 56. Nd3+
{[%clk 0:02:01]} Kf5 {[%clk 0:09:43]} 57. Nf3 {[%clk 0:01:42]} g6
{[%clk 0:08:20]} 58. Kf2 {[%clk 0:01:57]} Nd1+ {[%clk 0:08:02]} 59. Kg3
{[%clk 0:02:13]} Nc3 {[%clk 0:07:52]} 60. Kf2 {[%clk 0:02:09]} Ne4+
{[%clk 0:07:16]} 61. Ke3 {[%clk 0:02:17]} Ng3 {[%clk 0:07:11]} 62. Kf2
{[%clk 0:02:32]} Ne4+ {[%clk 0:07:39]} 63. Ke3 {[%clk 0:02:58]} Nd6
{[%clk 0:07:58]} 64. Nd4+ {[%clk 0:02:33]} Kg4 {[%clk 0:07:05]} 65. Ne5+
{[%clk 0:02:57]} Kxh4 {[%clk 0:06:55]} 66. Nxg6+ {[%clk 0:03:26]} Kg3
{[%clk 0:06:50]} 67. Ne7 {[%clk 0:02:07]} Be4 {[%clk 0:06:25]} 68. Nb5
{[%clk 0:01:45]} Nxb5 {[%clk 0:06:39]} 69. Kxe4 {[%clk 0:02:08]} Nd6+
{[%clk 0:07:05]} 70. Ke5 {[%clk 0:01:47]} h4 {[%clk 0:06:33]} 71. Kxd6
{[%clk 0:01:27]} h3 {[%clk 0:06:56]} 72. e4 {[%clk 0:01:50]} h2 {[%clk 0:07:10]}
73. e5 {[%clk 0:02:17]} h1=Q {[%clk 0:06:17]} 74. e6 {[%clk 0:02:43]} Kf4
{[%clk 0:05:44]} 75. Nd5+ {[%clk 0:02:38]} Kf5 {[%clk 0:06:06]} 76. e7
{[%clk 0:02:23]} Qh6+ {[%clk 0:06:25]} 0-1

[Event "Batavia 1920"]
[Site "Amsterdam"]
[Date "2014.02.23"]
[Round "3.1"]
[White "Geirnaert, Steven"]
[Black "Van Foreest, Jorden"]
[Result "0-1"]
[LiveChessVersion "1.4.2"]
[BlackElo "2371"]
[WhiteElo "2391"]

1. d4 {[%clk 1:30:58]} d5 {[%clk 1:30:56]} 2. c4 {[%clk 1:31:23]} c6
{[%clk 1:31:19]} 3. Nc3 {[%clk 1:31:49]} Nf6 {[%clk 1:31:41]} 4. cxd5
{[%clk 1:32:13]} cxd5 {[%clk 1:31:19]} 5. Bf4 {[%clk 1:32:36]} Nc6
{[%clk 1:31:44]} 6. e3 {[%clk 1:33:01]} a6 {[%clk 1:30:40]} 7. Rc1
{[%clk 1:33:12]} Bg4 {[%clk 1:29:18]} 8. f3 {[%clk 1:33:32]} Bf5 {[%clk 1:29:04]}
9. g4 {[%clk 1:33:19]} Bg6 {[%clk 1:27:10]} 10. h4 {[%clk 1:19:06]} h6
{[%clk 1:26:13]} 11. h5 {[%clk 1:13:12]} Bh7 {[%clk 1:26:32]} 12. Bd3
{[%clk 1:13:34]} e6 {[%clk 1:22:57]} 13. Nge2 {[%clk 1:09:34]} Bd6
{[%clk 1:21:39]} 14. Kf2 {[%clk 1:05:23]} O-O {[%clk 1:20:32]} 15. a3
{[%clk 0:57:40]} Re8 {[%clk 1:16:24]} 16. Qc2 {[%clk 0:49:15]} Bxd3
{[%clk 1:09:49]} 17. Qxd3 {[%clk 0:49:38]} e5 {[%clk 1:09:19]} 18. dxe5
{[%clk 0:48:42]} Bxe5 {[%clk 1:09:16]} 19. Rcd1 {[%clk 0:26:06]} Qb6
{[%clk 1:05:13]} 20. g5 {[%clk 0:20:06]} hxg5 {[%clk 0:57:01]} 21. Bxg5
{[%clk 0:20:29]} Rad8 {[%clk 0:57:29]} 22. Nd4 {[%clk 0:13:57]} Qxb2+
{[%clk 0:53:51]} 23. Rd2 {[%clk 0:14:10]} Qxa3 {[%clk 0:54:16]} 24. Nxc6
{[%clk 0:10:24]} bxc6 {[%clk 0:53:49]} 25. Ne2 {[%clk 0:09:37]} Qxd3
{[%clk 0:50:58]} 26. Rxd3 {[%clk 0:10:06]} Rb8 {[%clk 0:51:17]} 27. Rc1
{[%clk 0:09:22]} Rb6 {[%clk 0:49:40]} 28. Bxf6 {[%clk 0:07:26]} Bxf6
{[%clk 0:50:03]} 29. Nd4 {[%clk 0:07:39]} Rb2+ {[%clk 0:49:30]} 30. Kg3
{[%clk 0:08:02]} Be5+ {[%clk 0:49:49]} 31. Kg4 {[%clk 0:06:20]} Bxd4
{[%clk 0:43:47]} 32. Rxd4 {[%clk 0:04:36]} Re6 {[%clk 0:44:11]} 33. Ra1
{[%clk 0:03:55]} Rg2+ {[%clk 0:44:21]} 34. Kh3 {[%clk 0:02:45]} Rg5
{[%clk 0:44:14]} 35. Kh4 {[%clk 0:02:51]} Rge5 {[%clk 0:43:11]} 36. Rxa6
{[%clk 0:02:44]} Rxe3 {[%clk 0:43:38]} 37. Kg4 {[%clk 0:02:05]} Kh7
{[%clk 0:42:41]} 38. Rf4 {[%clk 0:02:23]} f6 {[%clk 0:42:59]} 39. Rd4
{[%clk 0:01:50]} Rc3 {[%clk 0:41:50]} 40. Rxd5 {[%clk 0:01:41]} Re2
{[%clk 0:38:56]} 41. Rd7 {[%clk 0:27:26]} Rg2+ {[%clk 1:09:10]} 42. Kf4
{[%clk 0:27:52]} Rf2 {[%clk 1:09:03]} 43. Rc7 {[%clk 0:27:26]} Rfxf3+
{[%clk 1:09:24]} 44. Kg4 {[%clk 0:26:59]} Kh6 {[%clk 1:08:05]} 45. Raxc6
{[%clk 0:26:55]} Rg3+ {[%clk 1:08:33]} 46. Kf4 {[%clk 0:27:08]} Rxc6
{[%clk 1:08:54]} 47. Rxc6 {[%clk 0:27:31]} Rg5 {[%clk 1:09:21]} 0-1

[Event "Batavia 1920"]
[Site "Amsterdam"]
[Date "2014.02.23"]
[Round "3.2"]
[White "Smerdon, David"]
[Black "Peng, Zhaoqin"]
[Result "1/2-1/2"]
[LiveChessVersion "1.4.2"]
[BlackElo "2398"]
[WhiteElo "2508"]

1. e4 {[%clk 1:30:58]} e6 {[%clk 1:30:52]} 2. d4 {[%clk 1:31:19]} d5
{[%clk 1:31:18]} 3. e5 {[%clk 1:31:45]} c5 {[%clk 1:31:39]} 4. c3
{[%clk 1:32:09]} Nc6 {[%clk 1:31:58]} 5. Nf3 {[%clk 1:32:26]} Qb6
{[%clk 1:32:07]} 6. Bd3 {[%clk 1:32:44]} cxd4 {[%clk 1:30:50]} 7. cxd4
{[%clk 1:33:08]} Bd7 {[%clk 1:31:16]} 8. O-O {[%clk 1:33:32]} Nxd4
{[%clk 1:31:16]} 9. Nbd2 {[%clk 1:33:54]} Ne7 {[%clk 1:30:34]} 10. Nxd4
{[%clk 1:34:16]} Qxd4 {[%clk 1:31:01]} 11. Nf3 {[%clk 1:34:35]} Qa4
{[%clk 1:30:57]} 12. Bc2 {[%clk 1:19:08]} Qa5 {[%clk 1:20:03]} 13. Bd2
{[%clk 1:12:38]} Qd8 {[%clk 1:12:56]} 14. Bg5 {[%clk 0:52:04]} h6
{[%clk 1:10:33]} 15. Be3 {[%clk 0:52:26]} Nc6 {[%clk 1:07:53]} 16. a3
{[%clk 0:50:48]} a5 {[%clk 0:58:45]} 17. Re1 {[%clk 0:49:59]} Be7
{[%clk 0:56:00]} 18. Rc1 {[%clk 0:48:14]} Rc8 {[%clk 0:51:32]} 19. g3
{[%clk 0:39:25]} g5 {[%clk 0:47:59]} 20. g4 {[%clk 0:36:18]} d4 {[%clk 0:23:04]}
21. Bd2 {[%clk 0:23:19]} Qb6 {[%clk 0:23:19]} 22. Be4 {[%clk 0:19:40]} Rd8
{[%clk 0:22:58]} 23. Qc2 {[%clk 0:18:24]} a4 {[%clk 0:20:17]} 24. Qxa4
{[%clk 0:15:50]} Nxe5 {[%clk 0:16:45]} 25. Qa5 {[%clk 0:15:53]} Nxf3+
{[%clk 0:14:58]} 26. Bxf3 {[%clk 0:16:19]} Qxb2 {[%clk 0:14:30]} 27. Rb1
{[%clk 0:12:07]} Qxa3 {[%clk 0:14:18]} 28. Qe5 {[%clk 0:12:29]} O-O
{[%clk 0:13:13]} 29. Bxb7 {[%clk 0:12:53]} Qh3 {[%clk 0:08:04]} 30. Bg2
{[%clk 0:12:14]} Qxg4 {[%clk 0:08:01]} 31. Re4 {[%clk 0:11:02]} Qh5
{[%clk 0:07:22]} 32. Rxd4 {[%clk 0:06:19]} Qg6 {[%clk 0:06:24]} 33. Qe1
{[%clk 0:05:38]} e5 {[%clk 0:04:30]} 34. Rd5 {[%clk 0:05:02]} Bf5
{[%clk 0:03:47]} 35. Rb7 {[%clk 0:04:45]} Rxd5 {[%clk 0:03:15]} 36. Bxd5
{[%clk 0:05:14]} Qd6 {[%clk 0:03:23]} 37. Bg2 {[%clk 0:04:54]} Re8
{[%clk 0:03:09]} 38. h4 {[%clk 0:03:54]} Bf6 {[%clk 0:02:25]} 39. Bb4
{[%clk 0:04:13]} Qd4 {[%clk 0:02:20]} 40. hxg5 {[%clk 0:04:12]} hxg5
{[%clk 0:01:47]} 41. Bc3 {[%clk 0:01:07]} Qc5 {[%clk 0:01:21]} 42. Bb4
{[%clk 0:30:45]} Qc4 {[%clk 0:30:11]} 43. Rb6 Bg7 {[%clk 0:26:31]} 44. Bd2
{[%clk 0:30:36]} g4 {[%clk 0:24:50]} 45. Bg5 {[%clk 0:27:05]} Qd4
{[%clk 0:19:26]} 46. Rb4 {[%clk 0:24:58]} Qd6 {[%clk 0:19:09]} 47. Rb7
{[%clk 0:24:49]} Rb8 {[%clk 0:16:05]} 48. Qd2 {[%clk 0:21:12]} Qf8
{[%clk 0:16:18]} 49. Be7 {[%clk 0:20:22]} Qc8 {[%clk 0:15:19]} 50. Rxb8
{[%clk 0:20:49]} Qxb8 {[%clk 0:15:44]} 51. Qg5 {[%clk 0:21:11]} Qb1+
{[%clk 0:14:22]} 52. Kh2 {[%clk 0:21:37]} Be6 {[%clk 0:09:08]} 53. Bf6
{[%clk 0:21:51]} Qh7+ {[%clk 0:09:31]} 54. Kg3 {[%clk 0:19:45]} Qg6
{[%clk 0:08:06]} 55. Qxg6 {[%clk 0:20:07]} fxg6 {[%clk 0:08:32]} 56. Bxg7
{[%clk 0:20:18]} Kxg7 {[%clk 0:09:01]} 57. Be4 {[%clk 0:19:54]} Bf5
{[%clk 0:08:52]} 58. Bc6 {[%clk 0:20:10]} Kf6 {[%clk 0:09:20]} 59. Ba4
{[%clk 0:20:07]} Ke6 {[%clk 0:08:45]} 60. Bd1 {[%clk 0:20:31]} Kd5
{[%clk 0:08:41]} 61. Bb3+ {[%clk 0:20:50]} Kd4 {[%clk 0:09:06]} 62. Bf7
{[%clk 0:21:10]} e4 {[%clk 0:09:33]} 63. Be8 {[%clk 0:21:31]} e3 {[%clk 0:09:54]}
64. fxe3+ {[%clk 0:21:57]} Kxe3 {[%clk 0:10:22]} 65. Bxg6 {[%clk 0:22:14]} Bxg6
{[%clk 0:10:47]} 66. Kxg4 1/2-1/2

[Event "Batavia 1920"]
[Site "Amsterdam"]
[Date "2014.02.23"]
[Round "3.3"]
[White "Williams, Simon"]
[Black "Ernst, Sipke"]
[Result "1-0"]
[LiveChessVersion "1.4.2"]
[BlackElo "2575"]
[WhiteElo "2449"]

1. e4 {[%clk 1:30:53]} e5 {[%clk 1:30:56]} 2. f4 {[%clk 1:31:09]} Bc5
{[%clk 1:31:24]} 3. Nc3 {[%clk 1:30:16]} d6 {[%clk 1:31:40]} 4. Nf3
{[%clk 1:30:04]} Nf6 {[%clk 1:31:49]} 5. Bc4 {[%clk 1:30:02]} Nc6
{[%clk 1:32:01]} 6. d3 {[%clk 1:30:13]} Bg4 {[%clk 1:32:22]} 7. Na4
{[%clk 1:28:56]} O-O {[%clk 1:31:36]} 8. Nxc5 {[%clk 1:25:55]} dxc5
{[%clk 1:32:01]} 9. O-O {[%clk 1:19:06]} Qd6 {[%clk 1:32:29]} 10. Qd2
{[%clk 1:10:36]} Bxf3 {[%clk 1:30:29]} 11. gxf3 {[%clk 1:02:27]} Rad8
{[%clk 1:09:46]} 12. Kh1 {[%clk 0:56:54]} Nh5 {[%clk 1:04:18]} 13. fxe5
{[%clk 0:56:16]} Nxe5 {[%clk 1:04:41]} 14. Qg5 {[%clk 0:55:44]} g6
{[%clk 0:56:44]} 15. Bb3 {[%clk 0:44:42]} Kh8 {[%clk 0:53:42]} 16. f4
{[%clk 0:42:35]} Nc6 {[%clk 0:48:00]} 17. f5 {[%clk 0:26:53]} b5 {[%clk 0:44:41]}
18. fxg6 {[%clk 0:21:03]} fxg6 {[%clk 0:43:48]} 19. Be3 {[%clk 0:21:20]} Ne5
{[%clk 0:34:47]} 20. Bd2 {[%clk 0:21:36]} b4 {[%clk 0:27:40]} 21. Be3
{[%clk 0:20:53]} Rde8 {[%clk 0:19:10]} 22. Qg1 {[%clk 0:18:30]} c4
{[%clk 0:15:07]} 23. dxc4 {[%clk 0:14:16]} Qc6 {[%clk 0:09:04]} 24. Qg2
{[%clk 0:14:20]} Nf6 {[%clk 0:07:02]} 25. Bd4 {[%clk 0:14:08]} Kg7
{[%clk 0:06:55]} 26. c5 {[%clk 0:13:40]} Qd7 {[%clk 0:04:27]} 27. Rad1
{[%clk 0:12:24]} Qe7 {[%clk 0:04:54]} 28. Rf5 {[%clk 0:11:47]} Nc6
{[%clk 0:02:37]} 29. Bxf6+ {[%clk 0:04:37]} Rxf6 {[%clk 0:03:04]} 30. Ba4
{[%clk 0:03:27]} Ref8 {[%clk 0:01:18]} 31. Bxc6 {[%clk 0:02:59]} Rxc6
{[%clk 0:01:45]} 32. Rfd5 {[%clk 0:02:51]} Qh4 {[%clk 0:01:06]} 33. Rd7+
{[%clk 0:01:34]} Kh6 {[%clk 0:01:09]} 34. R7d3 {[%clk 0:01:11]} Qf4
{[%clk 0:00:40]} 35. Qh3+ {[%clk 0:01:22]} 1-0

[Event "Batavia 1920"]
[Site "Amsterdam"]
[Date "2014.02.23"]
[Round "3.4"]
[White "Van Eijk, Sander"]
[Black "Van Delft, Merijn"]
[Result "1/2-1/2"]
[LiveChessVersion "1.4.2"]
[BlackElo "2423"]
[WhiteElo "2438"]

1. e4 {[%clk 1:30:56]} c5 {[%clk 1:30:53]} 2. Nc3 {[%clk 1:31:15]} e6
{[%clk 1:31:14]} 3. Nf3 {[%clk 1:31:40]} Nc6 {[%clk 1:31:39]} 4. d4
{[%clk 1:32:07]} cxd4 {[%clk 1:32:05]} 5. Nxd4 {[%clk 1:32:30]} Qc7
{[%clk 1:32:19]} 6. Be3 {[%clk 1:32:56]} a6 {[%clk 1:32:30]} 7. Be2
{[%clk 1:33:19]} b5 {[%clk 1:32:42]} 8. Nxc6 {[%clk 1:32:09]} Qxc6
{[%clk 1:33:01]} 9. e5 {[%clk 1:31:40]} Bb7 {[%clk 1:32:51]} 10. Bf3
{[%clk 1:30:47]} Qc7 {[%clk 1:33:10]} 11. Bxb7 {[%clk 1:27:39]} Qxb7
{[%clk 1:33:29]} 12. O-O {[%clk 1:24:26]} Rc8 {[%clk 1:32:37]} 13. Qd3
{[%clk 1:23:36]} Ne7 {[%clk 1:32:41]} 14. a4 {[%clk 1:15:00]} b4 {[%clk 1:28:42]}
15. Ne4 {[%clk 1:15:20]} Nf5 {[%clk 1:27:11]} 16. Rfc1 {[%clk 1:09:42]} Be7
{[%clk 1:23:16]} 17. c4 {[%clk 1:08:06]} bxc3 {[%clk 1:19:41]} 18. bxc3
{[%clk 1:07:35]} Nxe3 {[%clk 1:08:06]} 19. Qxe3 {[%clk 1:05:46]} O-O
{[%clk 1:03:09]} 20. c4 {[%clk 1:02:21]} Qc7 {[%clk 0:54:05]} 21. Qg3
{[%clk 0:51:46]} f5 {[%clk 0:49:20]} 22. Nd2 {[%clk 0:50:15]} d6 {[%clk 0:43:58]}
23. Nf3 {[%clk 0:49:16]} dxe5 {[%clk 0:42:40]} 24. Qxe5 {[%clk 0:49:24]} Qxe5
{[%clk 0:40:56]} 25. Nxe5 {[%clk 0:49:52]} Bf6 {[%clk 0:40:20]} 26. Re1
{[%clk 0:49:29]} Rc5 {[%clk 0:31:00]} 27. f4 {[%clk 0:45:00]} Rfc8
{[%clk 0:25:07]} 28. Rac1 {[%clk 0:39:30]} Bxe5 {[%clk 0:24:50]} 29. Rxe5
{[%clk 0:39:55]} Rxe5 {[%clk 0:18:29]} 30. fxe5 {[%clk 0:40:23]} Rc5
{[%clk 0:18:47]} 31. Kf2 {[%clk 0:37:51]} Kf7 {[%clk 0:17:05]} 32. Ke3
{[%clk 0:38:17]} Rxe5+ {[%clk 0:17:14]} 33. Kd4 {[%clk 0:38:42]} Ra5
{[%clk 0:16:38]} 34. Ra1 {[%clk 0:37:25]} e5+ {[%clk 0:15:08]} 35. Kc3
{[%clk 0:37:49]} Rc5 {[%clk 0:13:27]} 36. Kb4 {[%clk 0:37:06]} Rc6
{[%clk 0:11:13]} 37. c5 {[%clk 0:37:15]} e4 {[%clk 0:10:49]} 38. Kc4
{[%clk 0:37:32]} Ke6 {[%clk 0:10:49]} 39. Rb1 {[%clk 0:35:47]} Ke5
{[%clk 0:07:43]} 40. Rb6 {[%clk 0:35:13]} Rc7 {[%clk 0:05:21]} 41. Rxa6
{[%clk 0:33:44]} e3 {[%clk 0:04:14]} 42. Rb6 {[%clk 0:24:21]} e2 {[%clk 0:00:41]}
43. Rb1 {[%clk 0:24:35]} Ra7 {[%clk 0:00:37]} 44. Kd3 {[%clk 0:21:45]} Rxa4
{[%clk 0:00:40]} 45. Kxe2 {[%clk 0:21:50]} Rc4 {[%clk 0:30:02]} 46. Rb7
{[%clk 0:52:10]} 1/2-1/2

[Event "Batavia 1920"]
[Site "Amsterdam"]
[Date "2014.02.23"]
[Round "3.5"]
[White "Burg, Twan"]
[Black "L'Ami, Alina"]
[Result "1/2-1/2"]
[LiveChessVersion "1.4.2"]
[BlackElo "2398"]
[WhiteElo "2494"]

1. e4 {[%clk 1:30:58]} e6 {[%clk 1:30:52]} 2. d4 {[%clk 1:31:23]} d5
{[%clk 1:31:19]} 3. Nd2 {[%clk 1:31:50]} Nf6 {[%clk 1:31:36]} 4. e5
{[%clk 1:32:16]} Nfd7 {[%clk 1:32:00]} 5. Bd3 {[%clk 1:32:42]} c5
{[%clk 1:32:20]} 6. c3 {[%clk 1:33:07]} Nc6 {[%clk 1:32:41]} 7. Ne2
{[%clk 1:33:33]} cxd4 {[%clk 1:32:56]} 8. cxd4 {[%clk 1:34:01]} f6
{[%clk 1:33:19]} 9. exf6 {[%clk 1:34:29]} Nxf6 {[%clk 1:33:44]} 10. Nf3
{[%clk 1:34:55]} Bd6 {[%clk 1:34:06]} 11. O-O {[%clk 1:35:22]} O-O
{[%clk 1:34:31]} 12. Bf4 {[%clk 1:35:42]} Bxf4 {[%clk 1:34:55]} 13. Nxf4
{[%clk 1:36:10]} Ng4 {[%clk 1:35:18]} 14. Qd2 {[%clk 1:30:00]} Qf6
{[%clk 1:32:51]} 15. Nh5 {[%clk 1:17:32]} Qh6 {[%clk 1:32:58]} 16. Qxh6
{[%clk 1:17:37]} Nxh6 {[%clk 1:33:21]} 17. Rad1 {[%clk 1:14:39]} e5
{[%clk 1:19:56]} 18. dxe5 {[%clk 1:10:18]} Bg4 {[%clk 1:18:41]} 19. Ng3
{[%clk 1:10:43]} Bxf3 {[%clk 1:15:36]} 20. gxf3 {[%clk 1:11:06]} Nxe5
{[%clk 1:15:04]} 21. Be2 {[%clk 1:11:09]} Rad8 {[%clk 1:12:12]} 22. Rd4
{[%clk 1:06:59]} Nf5 {[%clk 0:47:17]} 23. Nxf5 {[%clk 0:58:02]} Rxf5
{[%clk 0:47:43]} 24. Rfd1 {[%clk 0:58:21]} Nc6 {[%clk 0:38:21]} 25. R4d2
{[%clk 0:58:36]} d4 {[%clk 0:38:20]} 26. Kg2 {[%clk 0:45:50]} Rd6
{[%clk 0:20:03]} 27. Bd3 {[%clk 0:45:49]} Rf8 {[%clk 0:17:23]} 28. Be4
{[%clk 0:44:33]} Rfd8 {[%clk 0:17:06]} 29. f4 {[%clk 0:44:10]} Kf7
{[%clk 0:14:56]} 30. Kf3 {[%clk 0:41:10]} Kf6 {[%clk 0:13:13]} 31. h3
{[%clk 0:37:53]} g6 {[%clk 0:12:34]} 32. Bxc6 {[%clk 0:32:32]} bxc6
{[%clk 0:13:01]} 33. Rc1 {[%clk 0:32:58]} R8d7 {[%clk 0:06:16]} 34. Rc5
{[%clk 0:31:05]} Ke7 {[%clk 0:05:11]} 35. b4 {[%clk 0:28:02]} Rf6
{[%clk 0:02:54]} 36. Ke4 {[%clk 0:26:48]} d3 {[%clk 0:01:58]} 37. a3
{[%clk 0:23:58]} Rfd6 {[%clk 0:02:11]} 38. f5 {[%clk 0:09:06]} Kf6
{[%clk 0:01:50]} 39. fxg6 {[%clk 0:09:10]} Re7+ {[%clk 0:01:08]} 40. Kf4
{[%clk 0:05:50]} hxg6 {[%clk 0:01:06]} 41. Rc3 {[%clk 0:06:19]} Red7
{[%clk 0:28:51]} 42. f3 {[%clk 0:35:33]} g5+ {[%clk 0:24:19]} 43. Ke3
{[%clk 0:35:51]} Re7+ {[%clk 0:24:14]} 44. Kf2 {[%clk 0:36:09]} Red7
{[%clk 0:24:33]} 45. Rc4 {[%clk 0:30:01]} Rh7 {[%clk 0:19:23]} 46. Kg3
{[%clk 0:29:59]} Re7 {[%clk 0:16:16]} 47. h4 {[%clk 0:28:32]} gxh4+
{[%clk 0:16:00]} 48. Rxh4 {[%clk 0:28:34]} Rg7+ {[%clk 0:12:06]} 49. Kf2
{[%clk 0:28:29]} Kf5 {[%clk 0:11:59]} 50. Ke3 {[%clk 0:28:00]} Re7+
{[%clk 0:12:06]} 51. Re4 {[%clk 0:28:02]} Red7 {[%clk 0:11:15]} 52. Rf4+
{[%clk 0:26:25]} Ke6 {[%clk 0:10:07]} 53. Rf8 {[%clk 0:24:20]} a5
{[%clk 0:06:19]} 54. Rh8 {[%clk 0:20:54]} axb4 {[%clk 0:06:24]} 55. Rh6+
{[%clk 0:21:18]} Ke5 {[%clk 0:06:20]} 56. Rh5+ {[%clk 0:20:20]} Kf6
{[%clk 0:06:20]} 57. Rh6+ {[%clk 0:20:47]} Ke5 {[%clk 0:06:28]} 58. f4+
{[%clk 0:21:13]} Kf5 {[%clk 0:06:53]} 59. Rxd6 {[%clk 0:21:33]} Rxd6
{[%clk 0:07:17]} 60. axb4 {[%clk 0:22:00]} Re6+ {[%clk 0:05:44]} 61. Kxd3
{[%clk 0:21:16]} Rd6+ {[%clk 0:06:12]} 62. Kc3 {[%clk 0:21:35]} Rxd2
{[%clk 0:06:35]} 63. Kxd2 {[%clk 0:22:02]} Kxf4 {[%clk 0:07:00]} 64. Kd3
{[%clk 0:22:28]} Ke5 {[%clk 0:07:26]} 65. Kc4 {[%clk 0:22:55]} Kd6
{[%clk 0:07:47]} 66. Kd4 {[%clk 0:23:23]} Kd7 {[%clk 0:08:07]} 67. Kc5
{[%clk 0:23:45]} Kc7 {[%clk 0:08:33]} 68. b5 {[%clk 0:24:11]} cxb5
{[%clk 0:09:00]} 69. Kxb5 {[%clk 0:24:39]} 1/2-1/2